000 00621nam a2200217 i 4500
001 105065
003 ES-MaACL
005 20230906183755.0
007 t|
008 060609s1970 fr ||||1| fre d
080 _a821.14-83"01"
100 0 _aLuciano de Samosata.
_974580
245 1 0 _aOeuvre amoureuse
_b: la vie, les intrigues... [etc.] /
_cLucien de Samosate.
260 _aParis :
_b[s.n.],
_c1970.
300 _a207 p. ;
_c21 cm.
490 1 _aCypris
500 _aBiblioteca Jacinto Martínez Lacalle.
830 0 _aCypris
_9232685
852 _aES-MaACL
_jE-11260
_bR.139224
999 _c105065
_d105065